| 000 | 00659nam a2200217 a 4500 | ||
|---|---|---|---|
| 003 | AM-YEHGA | ||
| 001 | 1406641 | ||
| 005 | 20250617164506.0 | ||
| 008 | 180927s2019 ai |c|||r|||| 00| p arm|| | ||
| 020 | _a9789939882055 | ||
| 040 | _aAM-YeHGA | ||
| 041 | 0 | _aarm | |
| 100 | 1 | _aԴերենց, Ավիկ | |
| 245 | 1 | 0 |
_aԵդեմականչ : _b(Ութնյակներ) / _cԱ. Դերենց ; Խմբագիր՝ Հռիփսիմէ. |
| 260 |
_aԵրևան : _bԼուսակն, _c2019. |
||
| 300 |
_a320 էջ : _bդիմանկար ; _c19 սմ. |
||
| 650 | 1 | 4 | _aՀայ պոեզիա |
| 700 | 1 |
_aՀռիփսիմէ _eխմբագիր _4edt |
|
| 942 |
_2udc _cBK |
||
| 090 | _c532331 | ||
| 999 |
_c525129 _d525129 |
||